000
00350nam a22001577a 4500
005
20251215150146.0
008
251215b |||||||| |||| 00| 0 eng d
037
_c
JOU
040
_a
AL
_c
AL
041
_2
URD
_a
URD
245
_a
Mirza dabeer
260
_c
1977.
365
_b
7.50
_c
INR
942
_2
CC
_c
TB
_n
0
999
_c
1466388
_d
1466388